| 000 | 00890nam a2200229 a 4500 | ||
|---|---|---|---|
| 001 | 000023015 | ||
| 005 | 20250626131117.0 | ||
| 008 | 101124s1971 mx r 000 0 spa d | ||
| 040 |
_aDO-SdBNP _bspa _cBNPHU |
||
| 082 |
_a519.86 _bF421s |
||
| 100 | 1 |
_aFetter, Robert B. _947348 |
|
| 240 | 1 | 4 |
_aThe Quality Control System. _lEspañol. |
| 245 | 1 | 0 |
_aSistemas de control de calidad / _cRobert B. Fetter ; editada por Richard D. Irwin ; traducción de Juan J. Thomas. |
| 260 |
_aMéxico : _bCentro reginal de ayuda técnica ; _bAgencia para el desarrollo internacional (A.I.D), _c1971. |
||
| 300 |
_a187 p. ; _c20 cm. |
||
| 534 |
_pTítulo original de la obra en inglés: _tThe Quality Control System. |
||
| 650 | 4 |
_aControl de calidad _920593 |
|
| 650 | 0 |
_aEstadística matemática _920984 |
|
| 700 | 1 |
_aIrwin, Richard D., _947349 |
|
| 700 | 1 |
_aThomas, Juan J., _etr. _947350 |
|
| 049 | _aBNGR | ||
| 999 |
_c22512 _d22512 |
||